[Event "Val Thorens op"]
[Site "Val Thorens"]
[Date "2009.??.??"]
[Round "6"]
[White "Lauferon, Patrick"]
[Black "Mahiouz, Oualid"]
[Result "1-0"]
[WhiteElo "2249"]
[BlackElo "2021"]
[PlyCount "45"]
[EventDate "2009.07.18"]
[EventType "swiss"]
[EventRounds "9"]
[EventCountry "FRA"]
[SourceTitle "CBM 131 Extra"]
[Source "ChessBase"]
[SourceDate "2009.09.03"]
[SourceVersion "2"]
[SourceVersionDate "2009.09.16"]
[SourceQuality "1"]

1. d4 Nf6 2. c4 c5 3. d5 e6 4. Nc3 exd5 5. cxd5 d6 6. e4 g6 7. h3 Bg7 8. Nf3 0-0 9. Bd3 b5 10. Bxb5 Nxe4 11. Nxe4 Qa5+ 12. Nfd2 Qxb5 13. Nxd6 Qa6 14. N2c4 Nd7 15. 0-0 Nb6 16. Nxb6 Qxb6 17. Nxc8 Raxc8 18. Rb1 c4 19. Be3 Qa5 20. d6 Rfd8 21. Bf4 Be5 22. Bxe5 Qxe5 23. Re1 1-0

[Event "Val Thorens op"]
[Site "Val Thorens"]
[Date "2009.??.??"]
[Round "2"]
[White "Lauferon, Patrick"]
[Black "Marzolo, Cyril"]
[Result "0-1"]
[WhiteElo "2249"]
[BlackElo "2443"]
[PlyCount "76"]
[EventDate "2009.07.18"]
[EventType "swiss"]
[EventRounds "9"]
[EventCountry "FRA"]
[SourceTitle "CBM 131 Extra"]
[Source "ChessBase"]
[SourceDate "2009.09.03"]
[SourceVersion "2"]
[SourceVersionDate "2009.09.16"]
[SourceQuality "1"]

1. d4 Nf6 2. c4 g6 3. Nc3 Bg7 4. e4 d6 5. f3 0-0 6. Be3 e5 7. d5 c6 8. Qd2 cxd5 9. cxd5 Nh5 10. Bd3 f5 11. Nge2 Nd7 12. exf5 gxf5 13. 0-0-0 Nc5 14. Bc4 Bd7 15. Bb5 Bxb5 16. Nxb5 Qd7 17. Na3 Rfc8 18. Kb1 Na4 19. Qb4 a6 20. Nc4 f4 21. Bf2 b5 22. Na5 Qf5+ 23. Qe4 Qxe4+ 24. fxe4 Nf6 25. Nc6 Bf8 26. Bh4 Nxe4 27. Rhe1 Re8 28. Ng1 Nec5 29. g3 e4 30. gxf4 Nd3 31. Re2 Bh6 32. f5 Nb6 33. Rg2+ Kf7 34. Ne2 Nxd5 35. Rdg1 Ne5 36. Nxe5+ Rxe5 37. Nd4 e3 38. Ne6 Rxf5 0-1

[Event "Val Thorens op 34th"]
[Site "Val Thorens"]
[Date "2008.07.25"]
[Round "7"]
[White "Lauferon, Patrick"]
[Black "Juhasz, Kristof"]
[Result "1-0"]
[WhiteElo "2234"]
[BlackElo "2175"]
[PlyCount "59"]
[EventDate "2008.07.19"]
[EventType "swiss"]
[EventRounds "9"]
[EventCountry "FRA"]
[SourceTitle "EXT 2009"]
[Source "ChessBase"]
[SourceDate "2008.11.26"]
[SourceVersion "1"]
[SourceVersionDate "2008.11.26"]
[SourceQuality "1"]

1. d4 Nf6 2. c4 e6 3. Nc3 Bb4 4. e3 b6 5. Nge2 c5 6. a3 Ba5 7. Rb1 Na6 8. f3 Bb7 9. Ng3 0-0 10. Bd3 d5 11. 0-0 Bxc3 12. bxc3 Qc7 13. Qe2 Nb8 14. Bb2 Nc6 15. cxd5 Nxd5 16. c4 Nde7 17. dxc5 bxc5 18. Ne4 Nd8 19. f4 f6 20. Rf3 e5 21. Nxf6+ gxf6 22. Rg3+ Ng6 23. fxe5 fxe5 24. Bxg6 hxg6 25. Rxg6+ Kf7 26. Qh5 Ke8 27. Re6+ Kd7 28. Bxe5 Nxe6 29. Bxc7 Kxc7 30. Qe5+ 1-0

[Event "Val Thorens op 34th"]
[Site "Val Thorens"]
[Date "2008.07.22"]
[Round "4"]
[White "Prost, Frederic"]
[Black "Lauferon, Patrick"]
[Result "0-1"]
[WhiteElo "2100"]
[BlackElo "2234"]
[PlyCount "82"]
[EventDate "2008.07.19"]
[EventType "swiss"]
[EventRounds "9"]
[EventCountry "FRA"]
[SourceTitle "EXT 2009"]
[Source "ChessBase"]
[SourceDate "2008.11.26"]
[SourceVersion "1"]
[SourceVersionDate "2008.11.26"]
[SourceQuality "1"]

1. e4 e6 2. d4 d5 3. e5 c5 4. c3 Qb6 5. Nf3 Bd7 6. a3 cxd4 7. cxd4 Bb5 8. Qb3 Bxf1 9. Qxb6 axb6 10. Kxf1 Nc6 11. Nc3 h6 12. Be3 Kd7 13. Ke2 Nge7 14. Kd3 Nf5 15. g4 Nxe3 16. fxe3 Be7 17. h4 f6 18. e4 dxe4+ 19. Kxe4 Rhd8 20. d5 Nxe5 21. Nxe5+ fxe5 22. h5 Bd6 23. dxe6+ Kxe6 24. Rhf1 Rac8 25. Rad1 Rc4+ 26. Kf3 Rf8+ 27. Kg3 Rxf1 28. Rxf1 Bxa3 29. Nd1 Bc5 30. Rf3 Rc2 31. Rb3 Rd2 32. Nc3 Rd3+ 33. Kg2 e4 34. Rb5 Ke5 35. Ne2 Rd2 36. Kf1 e3 37. b4 Rb2 38. Nc1 Ke4 39. Ke1 Bxb4+ 40. Kd1 Rd2+ 41. Ke1 Rd5+ 0-1

[Event "Val Thorens op 34th"]
[Site "Val Thorens"]
[Date "2008.07.20"]
[Round "2"]
[White "Marzolo, Cyril"]
[Black "Lauferon, Patrick"]
[Result "1/2-1/2"]
[WhiteElo "2487"]
[BlackElo "2234"]
[PlyCount "43"]
[EventDate "2008.07.19"]
[EventType "swiss"]
[EventRounds "9"]
[EventCountry "FRA"]
[SourceTitle "EXT 2009"]
[Source "ChessBase"]
[SourceDate "2008.11.26"]
[SourceVersion "1"]
[SourceVersionDate "2008.11.26"]
[SourceQuality "1"]

1. d4 d5 2. c4 c6 3. Nf3 Nf6 4. Qc2 g6 5. Bf4 Bf5 6. Qb3 Qb6 7. c5 Qxb3 8. axb3 Bxb1 9. Rxb1 Nbd7 10. h3 Bg7 11. e3 0-0 12. Bd3 Rfe8 13. 0-0 Ne4 14. Bc2 e5 15. Bh2 exd4 16. exd4 Re7 17. Ra1 Nf8 18. Ra4 a6 19. Rd1 f5 20. g4 fxg4 21. hxg4 Rae8 22. Bd3 1/2-1/2

[Event "Val Thorens op 33th"]
[Site "Val Thorens"]
[Date "2007.07.16"]
[Round "3"]
[White "Mahiouz, Oualid"]
[Black "Lauferon, Patrick"]
[Result "1-0"]
[WhiteElo "1974"]
[BlackElo "2243"]
[PlyCount "59"]
[EventDate "2007.07.14"]
[EventType "swiss"]
[EventRounds "9"]
[EventCountry "FRA"]
[SourceTitle "EXT 2010"]
[Source "ChessBase"]
[SourceDate "2010.11.25"]
[SourceVersion "1"]
[SourceVersionDate "2010.11.25"]
[SourceQuality "1"]

1. e4 e6 2. d3 d5 3. Nd2 c5 4. Ngf3 Nc6 5. g3 g6 6. Bg2 Bg7 7. 0-0 Nge7 8. Re1 0-0 9. c3 b5 10. Nf1 a5 11. h4 Ba6 12. e5 b4 13. N1h2 bxc3 14. bxc3 Qc7 15. Bf4 Rab8 16. Qd2 Rb7 17. Ng4 Kh8 18. h5 Rfb8 19. Bh6 Ng8 20. Bxg7+ Kxg7 21. h6+ Kh8 22. Ng5 Qe7 23. c4 Nb4 24. cxd5 Nxd3 25. d6 Qd7 26. Bxb7 Rxb7 27. Reb1 c4 28. Qxa5 Nxh6 29. Nxh6 Kg7 30. Qxa6 1-0

[Event "FRA-chT2 East 0607"]
[Site "France"]
[Date "2007.02.11"]
[Round "7.2"]
[White "Lauferon, Patrick"]
[Black "Deleva, Michael"]
[Result "1/2-1/2"]
[WhiteElo "2235"]
[BlackElo "2203"]
[PlyCount "91"]
[EventDate "2006.10.15"]
[EventType "team-tourn"]
[EventRounds "11"]
[EventCountry "FRA"]
[SourceTitle "EXT 2008"]
[Source "ChessBase"]
[SourceDate "2007.11.25"]
[SourceVersion "1"]
[SourceVersionDate "2007.11.25"]
[SourceQuality "1"]
[WhiteTeam "Gueugnon"]
[BlackTeam "Cluses Saint Jeoire"]
[WhiteTeamCountry "FRA"]
[BlackTeamCountry "FRA"]

1. d4 d5 2. c4 c6 3. Nf3 dxc4 4. e3 Be6 5. a4 Nf6 6. Na3 Bf5 7. Nxc4 e6 8. Qb3 Qc7 9. Bd2 Be7 10. Be2 0-0 11. 0-0 c5 12. dxc5 Bxc5 13. Bb4 Bxb4 14. Qxb4 Na6 15. Qa3 Bg4 16. Rac1 Rad8 17. Nce5 Qa5 18. Rc4 Bxf3 19. Nxf3 Nd5 20. Rg4 Qc5 21. Qb3 Qd6 22. Rd1 Qb6 23. Qxb6 Nxb6 24. Rgd4 Rxd4 25. Rxd4 Nb8 26. a5 N6d7 27. Bb5 Rc8 28. g3 Nf6 29. Ne5 Kf8 30. b4 Ke7 31. Kg2 Rc7 32. Kf3 Nfd7 33. Nxd7 Nxd7 34. Bxd7 Rxd7 35. Rc4 Rd5 36. e4 Rd3+ 37. Ke2 Rd6 38. Ke3 Kd7 39. b5 a6 40. Rb4 axb5 41. Rxb5 Kc7 42. e5 Rd1 43. Rc5+ Kd7 44. f4 Rb1 45. Kd4 Rb2 46. h4 1/2-1/2

[Event "FRA-chT2 East 0607"]
[Site "France"]
[Date "2006.11.26"]
[Round "3.2"]
[White "Lauferon, Patrick"]
[Black "Mayer, Jean Marc"]
[Result "1/2-1/2"]
[WhiteElo "2235"]
[BlackElo "2177"]
[PlyCount "67"]
[EventDate "2006.10.15"]
[EventType "team-tourn"]
[EventRounds "11"]
[EventCountry "FRA"]
[SourceTitle "EXT 2008"]
[Source "ChessBase"]
[SourceDate "2007.11.25"]
[SourceVersion "1"]
[SourceVersionDate "2007.11.25"]
[SourceQuality "1"]
[WhiteTeam "Gueugnon"]
[BlackTeam "Sarreguemines"]
[WhiteTeamCountry "FRA"]
[BlackTeamCountry "FRA"]

1. d4 d5 2. c4 c6 3. Nc3 Nf6 4. Nf3 dxc4 5. a4 e6 6. e3 c5 7. Bxc4 cxd4 8. exd4 Bb4 9. 0-0 0-0 10. Bg5 h6 11. Bh4 Nc6 12. h3 Be7 13. Re1 b6 14. Qd2 Bb7 15. Rad1 Nb4 16. Ne5 Nbd5 17. f3 Nxc3 18. bxc3 Nd5 19. Bxd5 Bxd5 20. Bxe7 Qxe7 21. c4 Bb7 22. d5 exd5 23. cxd5 Qc5+ 24. Qd4 Qxd4+ 25. Rxd4 Rfe8 26. Kf2 Rad8 27. Nc6 Bxc6 28. dxc6 Kf8 29. c7 Rc8 30. Rc1 Re7 31. Rd8+ Re8 32. Rd7 Re7 33. Rd8+ Re8 34. Rd7 1/2-1/2

[Event "FRA-chT2 East 0607"]
[Site "France"]
[Date "2006.11.25"]
[Round "2.3"]
[White "Schneider, Heiko"]
[Black "Lauferon, Patrick"]
[Result "0-1"]
[WhiteElo "2223"]
[BlackElo "2235"]
[PlyCount "79"]
[EventDate "2006.10.15"]
[EventType "team-tourn"]
[EventRounds "11"]
[EventCountry "FRA"]
[SourceTitle "EXT 2008"]
[Source "ChessBase"]
[SourceDate "2007.11.25"]
[SourceVersion "1"]
[SourceVersionDate "2007.11.25"]
[SourceQuality "1"]
[WhiteTeam "Mundolsheim"]
[BlackTeam "Gueugnon"]
[WhiteTeamCountry "FRA"]
[BlackTeamCountry "FRA"]

1. e4 e6 2. d4 d5 3. Nd2 Nf6 4. e5 Nfd7 5. c3 c5 6. f4 Nc6 7. Ndf3 Qb6 8. g3 Be7 9. Bh3 0-0 10. Ne2 cxd4 11. cxd4 f6 12. Bxe6+ Kh8 13. exf6 Nxf6 14. Bxc8 Raxc8 15. 0-0 Bd6 16. Kh1 Nb4 17. Nc3 Qa6 18. Be3 Nd3 19. Qb3 Bb4 20. Na4 Rfe8 21. Ne5 Nxe5 22. fxe5 Ng4 23. Bg1 Qg6 24. Qxd5 Rc2 25. Qf3 h6 26. Nc5 Bxc5 27. dxc5 Nxe5 28. Qxb7 Ng4 29. Rae1 Rxe1 30. Rxe1 Qh5 31. Qa8+ Kh7 32. Qe4+ Qg6 33. b4 Rxh2+ 34. Bxh2 Nf2+ 35. Kg2 Nxe4 36. Re3 Ng5 37. Bg1 Qc2+ 38. Kf1 Qxa2 39. Re1 Qc4+ 40. Kg2 0-1

[Event "Val Thorens op 32nd"]
[Site "Val Thorens"]
[Date "2006.07.17"]
[Round "3"]
[White "Fourcart, Maxence"]
[Black "Lauferon, Patrick"]
[Result "0-1"]
[WhiteElo "2012"]
[BlackElo "2217"]
[PlyCount "70"]
[EventDate "2006.07.15"]
[EventType "swiss"]
[EventRounds "9"]
[EventCountry "FRA"]
[SourceTitle "EXT 2010"]
[Source "ChessBase"]
[SourceDate "2010.11.25"]
[SourceVersion "1"]
[SourceVersionDate "2010.11.25"]
[SourceQuality "1"]

1. d4 d5 2. Bg5 Bf5 3. e3 c6 4. c4 Bxb1 5. Rxb1 dxc4 6. Qd2 b5 7. Nf3 Nd7 8. Be2 Ngf6 9. Bxf6 Nxf6 10. 0-0 e6 11. Rfc1 Nd5 12. e4 Bb4 13. Qc2 Nf4 14. g3 Nxe2+ 15. Qxe2 0-0 16. Rd1 Qb6 17. a3 Bd6 18. Rbc1 a5 19. Ng5 h6 20. Nf3 Rfd8 21. e5 Be7 22. Qe4 Rd5 23. Rd2 Rad8 24. Rcd1 R8d7 25. Qc2 c5 26. dxc5 Bxc5 27. Rxd5 exd5 28. Kg2 d4 29. Qf5 Qc6 30. Kg1 d3 31. Nd2 Bd4 32. Ne4 Qe6 33. Qxe6 fxe6 34. Nd6 Bxe5 35. Nxb5 Bxb2 0-1

[Event "FRA-chT2D 0506"]
[Site "France"]
[Date "2006.04.02"]
[Round "11.3"]
[White "Lauferon, Patrick"]
[Black "Hartweg, Nicolas"]
[Result "1-0"]
[WhiteElo "2238"]
[BlackElo "2047"]
[PlyCount "59"]
[EventDate "2005.10.27"]
[EventType "team-tourn"]
[EventRounds "11"]
[EventCountry "FRA"]
[SourceTitle "EXT 2006"]
[Source "ChessBase"]
[SourceDate "2005.11.24"]
[SourceVersion "1"]
[SourceVersionDate "2005.11.24"]
[SourceQuality "1"]
[WhiteTeam "Gueugnon"]
[BlackTeam "Bischwiller"]
[WhiteTeamCountry "FRA"]
[BlackTeamCountry "FRA"]

1. d4 d5 2. c4 c6 3. Nf3 Nf6 4. e3 e6 5. Nc3 Nbd7 6. Bd3 dxc4 7. Bxc4 b5 8. Bd3 a6 9. 0-0 c5 10. a4 b4 11. Ne2 Bb7 12. Ng3 Qb6 13. a5 Qc6 14. e4 c4 15. Bb1 Qb5 16. Re1 Be7 17. d5 Bc5 18. dxe6 fxe6 19. Nd4 Bxd4 20. Qxd4 e5 21. Qd6 Qc5 22. Qe6+ Kd8 23. Rd1 Kc7 24. Be3 Qc6 25. Bb6+ Nxb6 26. axb6+ Qxb6 27. Qxe5+ Kc8 28. Rd4 Bc6 29. Nf5 Kb7 30. Qe7+ 1-0

[Event "FRA-chT2D 0506"]
[Site "France"]
[Date "2006.04.01"]
[Round "10.3"]
[White "Schwalfenberg, Joerg"]
[Black "Lauferon, Patrick"]
[Result "1/2-1/2"]
[WhiteElo "2336"]
[BlackElo "2245"]
[PlyCount "137"]
[EventDate "2005.10.27"]
[EventType "team-tourn"]
[EventRounds "11"]
[EventCountry "FRA"]
[SourceTitle "EXT 2006"]
[Source "ChessBase"]
[SourceDate "2005.11.24"]
[SourceVersion "1"]
[SourceVersionDate "2005.11.24"]
[SourceQuality "1"]
[WhiteTeam "Gambsheim"]
[BlackTeam "Gueugnon"]
[WhiteTeamCountry "FRA"]
[BlackTeamCountry "FRA"]

1. d4 d5 2. Nf3 Nf6 3. c4 c6 4. e3 g6 5. Nc3 Bg7 6. Qb3 0-0 7. Bd2 dxc4 8. Bxc4 b5 9. Be2 a5 10. a3 Nbd7 11. 0-0 Rb8 12. Qc2 Bb7 13. b4 axb4 14. axb4 Qb6 15. e4 Ra8 16. e5 Nd5 17. Nxd5 cxd5 18. Ra5 Rfc8 19. Qb3 Bc6 20. h4 f6 21. e6 Nf8 22. Qe3 Be8 23. Rfa1 Rxa5 24. bxa5 Qxe6 25. a6 Qxe3 26. fxe3 Ne6 27. Bb4 Kf7 28. a7 Ra8 29. Ra5 Bh6 30. Kf2 Bd7 31. Ra6 Nc7 32. Ra5 Ne6 33. Ra2 Ke8 34. Nd2 Nc7 35. Nb1 Bf8 36. Nc3 e6 37. Ba5 Rxa7 38. Bxc7 Rxc7 39. Nxb5 Rb7 40. Rb2 Bc6 41. Rb1 Kd7 42. g4 Be7 43. h5 e5 44. hxg6 hxg6 45. Ke1 e4 46. Kd2 Ke6 47. Kc2 Bf8 48. Kd2 Bh6 49. Nc3 Rxb1 50. Nxb1 f5 51. Bd1 f4 52. exf4 Bxf4+ 53. Ke2 Bb5+ 54. Kf2 Bc4 55. Nc3 Bd2 56. Na4 Kf6 57. Nb6 Ke6 58. Be2 Bb3 59. Bb5 Bd1 60. Be2 Bc2 61. Bb5 Bd3 62. Bxd3 exd3 63. Na4 Bb4 64. Nb2 Bc3 65. Nxd3 Bxd4+ 66. Ke2 g5 67. Ne1 Bf6 68. Nf3 d4 69. Kd2 1/2-1/2

[Event "FRA-chT2D 0506"]
[Site "France"]
[Date "2006.03.11"]
[Round "8.3"]
[White "Brochet, Philippe"]
[Black "Lauferon, Patrick"]
[Result "1-0"]
[WhiteElo "2365"]
[BlackElo "2245"]
[PlyCount "61"]
[EventDate "2005.10.27"]
[EventType "team-tourn"]
[EventRounds "11"]
[EventCountry "FRA"]
[SourceTitle "EXT 2006"]
[Source "ChessBase"]
[SourceDate "2005.11.24"]
[SourceVersion "1"]
[SourceVersionDate "2005.11.24"]
[SourceQuality "1"]
[WhiteTeam "Evry II"]
[BlackTeam "Gueugnon"]
[WhiteTeamCountry "FRA"]
[BlackTeamCountry "FRA"]

1. e4 e6 2. d4 d5 3. Nd2 Nf6 4. e5 Nfd7 5. Bd3 c5 6. c3 Nc6 7. Ngf3 Be7 8. 0-0 0-0 9. Re1 f5 10. exf6 Nxf6 11. Nf1 cxd4 12. Nxd4 e5 13. Nxc6 bxc6 14. Rxe5 Bd6 15. Re2 Ng4 16. h3 Ne5 17. Rxe5 Bxe5 18. Qh5 Re8 19. Bg5 Bf6 20. Bxf6 gxf6 21. Qxh7+ Kf8 22. Bg6 Be6 23. Qh6+ Ke7 24. Qg7+ Kd6 25. Bxe8 Qxe8 26. Qxf6 Qg8 27. Re1 Kd7 28. Ng3 Rf8 29. Qd4 Rd8 30. Nh5 Qg6 31. Nf4 1-0

[Event "FRA-chT3 Gr12 0304"]
[Site "Loire"]
[Date "2004.03.14"]
[Round "7.2"]
[White "Lauferon, Patrick"]
[Black "Amato, Roger"]
[Result "1/2-1/2"]
[WhiteElo "2195"]
[BlackElo "2225"]
[PlyCount "39"]
[EventDate "2003.10.12"]
[EventType "team-tourn"]
[EventRounds "9"]
[EventCountry "FRA"]
[SourceTitle "EXT 2008"]
[Source "ChessBase"]
[SourceDate "2007.11.25"]
[SourceVersion "1"]
[SourceVersionDate "2007.11.25"]
[SourceQuality "1"]

1. d4 Nf6 2. c4 g6 3. Nc3 Bg7 4. e4 d6 5. f3 Nc6 6. Be3 a6 7. Qd2 Rb8 8. Bd3 e5 9. d5 Nd4 10. Nge2 Nd7 11. 0-0 c5 12. dxc6 bxc6 13. Rac1 0-0 14. Bb1 Nb6 15. b3 d5 16. exd5 cxd5 17. cxd5 Nxd5 18. Nxd5 Qxd5 19. Be4 Qb5 20. Nxd4 1/2-1/2

[Event "FRA-chT3 Gr12 0304"]
[Site "Loire"]
[Date "2003.12.07"]
[Round "4.3"]
[White "Lauferon, Patrick"]
[Black "Etlicher, Dominique"]
[Result "1-0"]
[WhiteElo "2195"]
[BlackElo "1990"]
[PlyCount "124"]
[EventDate "2003.10.12"]
[EventType "team-tourn"]
[EventRounds "9"]
[EventCountry "FRA"]
[SourceTitle "EXT 2008"]
[Source "ChessBase"]
[SourceDate "2007.11.25"]
[SourceVersion "1"]
[SourceVersionDate "2007.11.25"]
[SourceQuality "1"]

1. d4 Nf6 2. c4 e6 3. Nc3 Bb4 4. e3 b6 5. Nge2 Ne4 6. Qc2 Bb7 7. f3 Nxc3 8. Nxc3 c5 9. Bd3 cxd4 10. exd4 Nc6 11. Be3 Qh4+ 12. Bf2 Qf6 13. a3 Bxc3+ 14. Qxc3 0-0 15. 0-0 Rac8 16. b4 Rfd8 17. Rfd1 Ne7 18. Qd2 Ng6 19. Be3 h6 20. Rac1 Nh4 21. Qf2 Nf5 22. Bb1 d5 23. c5 e5 24. dxe5 Qxe5 25. Bxf5 Qxf5 26. cxb6 axb6 27. Bxb6 Re8 28. Bd4 Rxc1 29. Rxc1 Qd3 30. Bc5 Re2 31. Qd4 Qxa3 32. Ra1 Qb3 33. h4 Qb2 34. Qxb2 Rxb2 35. Kh2 Bc6 36. Kg3 Re2 37. Rg1 Bb5 38. Kf4 Bd3 39. g4 Re6 40. Ra1 Ra6 41. Rxa6 Bxa6 42. Ke5 Be2 43. Kf4 f6 44. Ke3 Bd1 45. b5 Ba4 46. b6 Bc6 47. Kd4 Kf7 48. f4 g6 49. h5 f5 50. Ke5 fxg4 51. hxg6+ Kxg6 52. f5+ Kf7 53. Kf4 h5 54. Bd4 Ke7 55. Kg5 g3 56. Kg6 Be8+ 57. Kg7 Kd6 58. Kf8 Bd7 59. f6 h4 60. Be5+ Kxe5 61. b7 Kxf6 62. b8Q Kg6 1-0

[Event "FRA-chT3 Gr12 0304"]
[Site "Loire"]
[Date "2003.11.16"]
[Round "3.2"]
[White "Lauferon, Patrick"]
[Black "Lauradoux, Cedric"]
[Result "1-0"]
[WhiteElo "2195"]
[BlackElo "2121"]
[PlyCount "53"]
[EventDate "2003.10.12"]
[EventType "team-tourn"]
[EventRounds "9"]
[EventCountry "FRA"]
[SourceTitle "EXT 2008"]
[Source "ChessBase"]
[SourceDate "2007.11.25"]
[SourceVersion "1"]
[SourceVersionDate "2007.11.25"]
[SourceQuality "1"]

1. d4 Nf6 2. c4 e6 3. Nc3 Bb4 4. e3 0-0 5. Nge2 b5 6. a3 Bxc3+ 7. Nxc3 bxc4 8. Bxc4 Bb7 9. 0-0 d5 10. Bd3 Nbd7 11. b4 Ne4 12. Ne2 a5 13. Bd2 axb4 14. Bxb4 Re8 15. Rc1 Rc8 16. Qb3 Ba8 17. Bb5 c6 18. Ba6 Rb8 19. Qc2 e5 20. f3 Qg5 21. fxe4 Qxe3+ 22. Kh1 dxe4 23. Bc4 Nf6 24. dxe5 Nd5 25. Bd6 Rbd8 26. Nc3 Qg5 27. Nxe4 1-0

[Event "Bourbon Lancy op"]
[Site "Bourbon Lancy"]
[Date "1998.10.25"]
[Round "2"]
[White "Chatalbashev, Boris"]
[Black "Lauferon, Patrick"]
[Result "1-0"]
[WhiteElo "2535"]
[BlackElo "2180"]
[PlyCount "81"]
[EventDate "1998.10.??"]
[EventType "swiss"]
[EventRounds "9"]
[EventCountry "FRA"]
[SourceTitle "EXT 2000"]
[Source "ChessBase"]
[SourceDate "1999.11.16"]
[SourceVersion "1"]
[SourceVersionDate "1999.11.16"]
[SourceQuality "1"]

1. d4 d5 2. c4 c6 3. e3 Nf6 4. Nf3 e6 5. Bd3 Nbd7 6. 0-0 Bd6 7. Nc3 0-0 8. e4 dxe4 9. Nxe4 Nxe4 10. Bxe4 Nf6 11. Bc2 b6 12. Bg5 Bb7 13. Qd3 g6 14. Rfe1 Be7 15. Rad1 Qc7 16. Ne5 Ng4 17. Bxe7 Nxe5 18. dxe5 Qxe7 19. Qd7 Rfe8 20. Be4 Rac8 21. b4 Kf8 22. c5 Red8 23. Qxe7+ Kxe7 24. Rd6 bxc5 25. bxc5 Rxd6 26. exd6+ Kd7 27. Rb1 Ba6 28. f4 Re8 29. Rb4 Bb5 30. a4 Ba6 31. Kf2 f5 32. Bf3 e5 33. g3 exf4 34. gxf4 h6 35. h4 Rf8 36. Rb1 Re8 37. Rf1 Rg8 38. h5 g5 39. Re1 g4 40. Re7+ Kc8 41. Bxc6 1-0

[Event "Val Thorens op"]
[Site "Val Thorens"]
[Date "1995.??.??"]
[Round "?"]
[White "Cohen, Aron"]
[Black "Lauferon, Patrick"]
[Result "0-1"]
[WhiteElo "1920"]
[BlackElo "2200"]
[PlyCount "42"]
[EventDate "1995.??.??"]
[EventType "swiss"]
[EventRounds "9"]
[EventCountry "FRA"]
[SourceTitle "EXT 1999"]
[Source "ChessBase"]
[SourceDate "1998.11.16"]
[SourceVersion "1"]
[SourceVersionDate "1998.11.16"]
[SourceQuality "1"]

1. d4 c5 2. d5 e6 3. c4 b5 4. e4 bxc4 5. Bxc4 Nf6 6. Nc3 Bb7 7. Bg5 h6 8. Bh4 Qa5 9. Qe2 Be7 10. dxe6 dxe6 11. 0-0-0 Nc6 12. Nf3 0-0 13. e5 Nd5 14. Nxd5 exd5 15. Bxd5 Bxh4 16. Nxh4 Nd4 17. Qe4 Bxd5 18. Qxd5 Qa4 19. Rxd4 cxd4 20. Qb3 Qc6+ 21. Kb1 Qe4+ 0-1

[Event "Val Thorens op"]
[Site "Val Thorens"]
[Date "1994.??.??"]
[Round "6"]
[White "Lauferon, Patrick"]
[Black "Marzolo, Cyril"]
[Result "0-1"]
[WhiteElo "2250"]
[BlackElo "1970"]
[PlyCount "98"]
[EventDate "1994.??.??"]
[EventType "swiss"]
[EventRounds "9"]
[EventCountry "FRA"]
[SourceTitle "EXT 1999"]
[Source "ChessBase"]
[SourceDate "1998.11.16"]
[SourceVersion "1"]
[SourceVersionDate "1998.11.16"]
[SourceQuality "1"]

1. c4 e5 2. Nc3 Bb4 3. g3 Bxc3 4. bxc3 Ne7 5. Bg2 0-0 6. e4 d6 7. Rb1 c5 8. Ne2 Nbc6 9. d3 Qc7 10. h3 f5 11. 0-0 fxe4 12. dxe4 Be6 13. Be3 Bxc4 14. Qd2 Rad8 15. Rfd1 b6 16. Qc2 Na5 17. f4 Nec6 18. Nc1 Bf7 19. Nd3 Nc4 20. Bc1 Kh8 21. Qe2 Qe7 22. h4 exf4 23. Nxf4 Rde8 24. Nd5 Bxd5 25. Rxd5 N6e5 26. Bg5 Qe6 27. Rbd1 Qg4 28. Qxg4 Nxg4 29. Re1 Nf6 30. Rdd1 Nh5 31. g4 Nf6 32. Bxf6 Rxf6 33. Rf1 Ref8 34. Rxf6 Rxf6 35. Rf1 Rxf1+ 36. Bxf1 Nd2 37. Bg2 Nb1 38. c4 Nd2 39. e5 dxe5 40. Bd5 g5 41. hxg5 Nb1 42. Be6 Nc3 43. a3 Ne4 44. Bf5 Nxg5 45. Kf2 Kg7 46. Ke3 Kf6 47. Bd7 h6 48. a4 Nf7 49. Ke4 Nd6+ 0-1

[Event "Val Thorens op"]
[Site "Val Thorens"]
[Date "1994.??.??"]
[Round "4"]
[White "Lauferon, Patrick"]
[Black "Rey, Fabrice"]
[Result "1-0"]
[WhiteElo "2250"]
[BlackElo "1970"]
[PlyCount "69"]
[EventDate "1994.??.??"]
[EventType "swiss"]
[EventRounds "9"]
[EventCountry "FRA"]
[SourceTitle "EXT 1999"]
[Source "ChessBase"]
[SourceDate "1998.11.16"]
[SourceVersion "1"]
[SourceVersionDate "1998.11.16"]
[SourceQuality "1"]

1. c4 g6 2. Nc3 Bg7 3. g3 Nc6 4. Bg2 e5 5. e4 d6 6. Nge2 Nge7 7. 0-0 0-0 8. h3 Be6 9. d3 Qd7 10. Kh2 Rae8 11. Rb1 h6 12. b4 f5 13. Nd5 g5 14. b5 Nd4 15. Nxd4 exd4 16. f4 fxe4 17. dxe4 c6 18. bxc6 bxc6 19. f5 Bxd5 20. cxd5 c5 21. Rf2 Rb8 22. Rxb8 Rxb8 23. f6 Rf8 24. Qf1 Ng6 25. fxg7 Rxf2 26. Qxf2 Kxg7 27. Bf3 Qa4 28. Qd2 Ne5 29. Bd1 Qc4 30. h4 g4 31. Qxh6+ Kg8 32. Qg5+ Kh8 33. Qf6+ Kg8 34. Bh6 Qxa2+ 35. Kh1 1-0

[Event "Val Thorens op"]
[Site "Val Thorens"]
[Date "1994.??.??"]
[Round "1"]
[White "Lupu, Mircea Sergiu"]
[Black "Lauferon, Patrick"]
[Result "1-0"]
[WhiteElo "2420"]
[BlackElo "2250"]
[PlyCount "81"]
[EventDate "1994.??.??"]
[EventType "swiss"]
[EventRounds "9"]
[EventCountry "FRA"]
[SourceTitle "EXT 1999"]
[Source "ChessBase"]
[SourceDate "1998.11.16"]
[SourceVersion "1"]
[SourceVersionDate "1998.11.16"]
[SourceQuality "1"]

1. e4 e6 2. d4 d5 3. e5 c5 4. c3 Nc6 5. Nf3 Qb6 6. Be2 cxd4 7. cxd4 Nh6 8. Nc3 Nf5 9. Na4 Qa5+ 10. Kf1 Bd7 11. b3 Be7 12. g4 Nh4 13. Nxh4 Bxh4 14. g5 Qb4 15. Be3 h6 16. gxh6 gxh6 17. Nc5 Ne7 18. Nxd7 Kxd7 19. Bd3 Nc6 20. a3 Qe7 21. Qh5 Rag8 22. Rg1 Rxg1+ 23. Kxg1 f5 24. f4 Qg7+ 25. Kh1 Be7 26. b4 Rg8 27. Rg1 Qh7 28. Rg3 a6 29. Be2 Bf8 30. Bf2 Rxg3 31. hxg3 Na7 32. Qf3 Qg7 33. Kg2 Kd8 34. Kh3 Qe7 35. g4 fxg4+ 36. Qxg4 Qf7 37. Bd3 Be7 38. Bg6 Qg8 39. Qh5 Qf8 40. Bf7 Kd7 41. Qg6 1-0